Food and culture (Record no. 153450)

MARC details
000 -LEADER
fixed length control field 00373nam a2200157Ia 4500
008 - FIXED-LENGTH DATA ELEMENTS--GENERAL INFORMATION
fixed length control field 230917s9999||||xx |||||||||||||| ||und||
040 ## - CATALOGING SOURCE
-- 167183
Original cataloging agency VIVEKANANDA LIBRARY
041 ## - Language
-- English
082 ## - DDC NUMBER
Classification number 394.1 K654F (5)
100 ## - MAIN ENTRY--PERSONAL NAME
Personal name Kittler, Pamela Goyan
245 #0 - TITLE STATEMENT
Title Food and culture
250 ## - EDITION STATEMENT
Edition statement 5th ed.
260 ## - PUBLICATION, DISTRIBUTION, ETC. (IMPRINT)
Place of publication, distribution, etc Belmont
Name of publisher, distributor, etc Wadsworth
Date of publication, distribution, etc 2008
300 ## - PHYSICAL DESCRIPTION
Pages 558 p.
942 ## - ADDED ENTRY ELEMENTS (KOHA)
Koha item type Books
Holdings
Withdrawn status Lost status Damaged status Not for loan Location (home branch) Sublocation or collection (holding branch) Shelving location Date acquired Koha issues (times borrowed) Koha full call number Accession No. Koha date last seen Koha item type
        VIVEKANANDA LIBRARY VIVEKANANDA LIBRARY IHTM Library 11/11/2010   394.1 K654F (5) 278166 17/09/2023 Books
© Designed and Maintained by Vivekananda Library, MDU Rohtak